al-Kawn, (Record no. 49059)

MARC details
000 -LEADER
fixed length control field 00577cam a22002051 4500
001 - CONTROL NUMBER
control field ne 66001444
003 - CONTROL NUMBER IDENTIFIER
control field DLC
005 - DATE AND TIME OF LATEST TRANSACTION
control field 20260227111825.0
008 - FIXED-LENGTH DATA ELEMENTS--GENERAL INFORMATION
fixed length control field 840116s1964 ua 000 0 arar
010 ## - LIBRARY OF CONGRESS CONTROL NUMBER
LC control number ne 66001444
035 ## - SYSTEM CONTROL NUMBER
System control number (OCoLC)10306070
040 ## - CATALOGING SOURCE
Original cataloging agency DLC
Transcribing agency TxU
Modifying agency TxU
-- DLC
042 ## - AUTHENTICATION CODE
Authentication code premarc
050 00 - LIBRARY OF CONGRESS CALL NUMBER
Classification number QC23
Item number .H148
100 1# - MAIN ENTRY--PERSONAL NAME
Personal name Haddārah, Sayyid Ramaḍān.
245 13 - TITLE STATEMENT
Title al-Kawn,
Remainder of title dharrah wa-ḥarakah
Statement of responsibility, etc. [taʼlīf] Sayyid Ramaḍān Haddārah.
260 ## - PUBLICATION, DISTRIBUTION, ETC.
Place of publication, distribution, etc. [al-Qāhirah]
Name of publisher, distributor, etc. Dār al-Qalam
Date of publication, distribution, etc. [1964]
300 ## - PHYSICAL DESCRIPTION
Extent 206 p.
Other physical details illus.
Dimensions 20 cm.
650 #0 - SUBJECT ADDED ENTRY--TOPICAL TERM
Topical term or geographic name entry element Physics.

No items available.

Powered by Koha